000 00329nam a2200133Ia 4500
008 210716s2002 xx 000 0 und d
041 _aeng
082 _a005.1331 PROG
245 _aProgramming in c++.
250 _a1
260 _aCalcutta
_bCMC Computer Education
_c2002
300 _aviii,538,xii
650 _aC++ Progamming
999 _c181264
_d181264